| 000 | 00566nam a2200169 4500 | ||
|---|---|---|---|
| 001 | 131501 | ||
| 003 | ES-MaACL | ||
| 005 | 20230906194008.0 | ||
| 007 | t| | ||
| 008 | 070214s1970 sp r ||||1| spa d | ||
| 100 | 1 |
_aRodríguez Alcaide, José Javier. _998324 |
|
| 245 | 1 | 0 |
_aJuegos de empresa como método de enseñanza e investigación / _cJosé Javier Rodríguez Alcaide, Antonio Ramírez Medina. |
| 260 |
_aSevilla : _bUniversidad, _c1970. |
||
| 300 |
_a65 p. ; _c24 cm. |
||
| 700 | 1 |
_aRamírez Medina, Antonio. _995158 |
|
| 852 |
_aES-MaACL _jC-41338 _bR.75806 |
||
| 999 |
_c131501 _d131501 |
||